01058nam a22003011i 4500001001300000005001700013006001900030007001500049008004100064020001800105035001000123040003100133050002200164082001400186100004000200245006600240250002300306264004900329300003400378336002600412337002600438338003600464490005800500504004100558650005400599830006200653856004100715bslw1006906620240305165655.0m o d cr un ---uuuua230714s2020 ck ob 000 0 spa d a9789587719604 a38757 aUtOrBLWbengerdacUtOrBLW 4aHF5387b.M37 202004a174.42231 aMartinez Herrera, Horacio,eauthor.10aIntegridad moral de las empresas /cHoracio Martinez Herrera. aPrimera edición. 1aBogotá, Colombia :bEcoe Ediciones,c2020. a1 online resource (144 pages) atextbtxt2rdacontent acomputerbc2rdamedia aonline resourcebcr2rdacarrier1 aÁrea: Ciencias empresariales. Subárea: Management aIncludes bibliographical references. 0aIndustrial managementxMoral and ethical aspects. 0aColección: Ciencias empresariales.pÁrea: Management.40uhttps://app.vlex.com/#/sources/38757